Томский политехнический университет: пять лет (2014-2018 гг.) на траектории качественного роста. О результатах выполнения предвыборной программы от 12 декабря 2013 г. ректора ТПУ Петра Савельевича Чубика

Бібліографічні деталі
Співавтор: Национальный исследовательский Томский политехнический университет (570)
Інші автори: Чубик П. С. Петр Савельевич
Резюме:На правах рукописи
Мова:Російська
Опубліковано: Томск, [2019]
Предмети:
Формат: Книга
KOHA link:https://koha.lib.tpu.ru/cgi-bin/koha/opac-detail.pl?biblionumber=670240

MARC

LEADER 00000nbm0a2200000 4500
001 670240
005 20240508124316.0
090 |a 670240 
100 |a 20240122d2019 k||y0rusy50 ca 
101 0 |a rus 
102 |a RU 
105 |a y z 000yy 
181 0 |a i   |b  e  
182 0 |a n 
183 0 |a nc  |2 RDAcarrier 
200 1 |a Томский политехнический университет: пять лет (2014-2018 гг.) на траектории качественного роста. О результатах выполнения предвыборной программы от 12 декабря 2013 г. ректора ТПУ Петра Савельевича Чубика  |f Национальный исследовательский Томский политехнический университет 
203 |a Текст  |b визуальный  |c непосредственный 
210 1 |a Томск  |d [2019] 
215 |a 71 л. 
283 |a volume  |2 RDAcarrier 
333 |a На правах рукописи 
606 1 |a Томский политехнический университет  |9 83260 
610 1 |a высшее образование 
610 1 |a Томск 
610 1 |a ТПУ 
610 1 |a история 
610 1 |a управление 
610 1 |a Коллекция История ТПУ 
610 1 |a планирование 
610 1 |a отчеты 
610 1 |a партнерство 
610 1 |a рейтинги 
610 1 |a развитие 
686 |2 rubbk  |a Ч484(2)72ТПУ 
701 1 |a Чубик  |b П. С.  |c геолог  |c профессор, ректор Томского политехнического университета (с 2008 г.)  |f 1954-  |g Петр Савельевич  |9 10846 
712 0 2 |a Национальный исследовательский Томский политехнический университет  |c (2009- )  |4 570  |9 26305 
801 0 |a RU  |b 63413507  |c 20240122 
942 |c BK